Hợp tác xã nông nghiệp ở tỉnh An Giang từ năm 1986 đến năm 2016 Luận văn thạc sĩ Lịch sử. Chuyên ngành: Lịch sử Việt Nam. Mã số: 8.22.90.13

Сохранить в:
Библиографические подробности
Главный автор: Trần, Minh Tâm
Другие авторы: Nguyễn, Trọng Minh (Hướng dẫn)
Формат: Набор
Опубликовано: Đồng Tháp Đại học Đồng Tháp 2019
Предметы:
Метки: Добавить метку
Нет меток, Требуется 1-ая метка записи!
Thư viện lưu trữ: Trung tâm Học liệu Lê Vũ Hùng, Trường Đại học Đồng Tháp
LEADER 01191ppm a22002538a 4500
001 00045265
005 20191218091227.0
008 170228s2013 ||||||Viesd
041 0 # |a Vie 
082 1 4 |a 338.109 597 91  |b H466T 
100 1 # |a Trần, Minh Tâm 
245 0 0 |c Trần Minh Tâm; Nguyễn Trọng Minh (hướng dẫn)  |b Luận văn thạc sĩ Lịch sử. Chuyên ngành: Lịch sử Việt Nam. Mã số: 8.22.90.13  |a Hợp tác xã nông nghiệp ở tỉnh An Giang từ năm 1986 đến năm 2016 
260 # # |a Đồng Tháp  |b Đại học Đồng Tháp  |c 2019 
300 # # |a 113 tr. + phụ lục  |c 30 cm.  |e 1 bản tóm tắt + 1 CD 
500 # # |a ĐTTS ghi: Bộ giáo dục và đào tạo. Trường Đại học Đồng Tháp 
653 # # |a An Giang 
653 # # |a Nông nghiệp 
653 # # |a Hợp tác xã 
653 # # |a Kinh tế xã hội 
653 # # |a Luận văn 
653 # # |a Lịch sử phát triển 
700 1 # |a Nguyễn, Trọng Minh  |e Hướng dẫn 
852 # # |j LV.0002630  |j LV.0002631 
980 # # |a Trung tâm Học liệu Lê Vũ Hùng, Trường Đại học Đồng Tháp